1351 1987 1421 1497 1570 1354 1773 1920 1685 1381 1061 1339 1360 1056 1728 1833 1166 1250 1135 1236 1575 1585 1976 1796 1419 1175 1201 1299 1815 1659 1735 1621 1309 1489 1618 1149 1316 1541 1238 1953 1512 1137 1643 1275 1791 1999 1425 1427 1490 1179 1640 1301 1063 1248 1177 1959 1328 1404 1531 1428 1613 1848 1046 1772 1189 1645 1280 1786 1788 1645 1234 1655 1699 1534 1738 1553 1388 1388 1675 1971 1111 1694 1561 1735 1514 1314 1984 1312 1026 1913 1808 1114 1866 1631 1663 1404 1216 1166 1577 BCNSPRNW ULIB Ver.6.0+V

เปลี่ยนเป็นภาษาไทย

Change to English
 แสดงรายละเอียดบรรณานุกรม
  กลับหน้าหลัก

Brief Record : Get Marc (ISO 2709) : E-mail record : QR code < ปิดหน้าต่าง
LEADER : 00000nam 2200000uu 4500
001    13399123680
003     ULIB
008    141105s2557||||th 000 0 tha d
020    ^a9789740331759
060 04 ^aQY25^bก637ก
100 0  ^aกิจจา จิตรภิรมย์
245 10 ^aการตรวจทางห้องปฏิบัติการในงานสาธารณสุข /^cกิจจา จิตรภิรมย์
250    ^aพิมพ์ครั้งที่ 1.
260    ^aกรุงเทพฯ :^bจุฬาลงกรณ์มหาวิทยาลัยฯ,^c2557.
300    ^a280 หน้า :^bภาพประกอบ ;^c26 ซม.
650  4 ^aห้องปฏิบัติการทางการแพทย์
650  4 ^aการวินิจฉัยโรคทางห้องปฏิบัติการ
710 0  ^aจุฬาลงกรณ์มหาวิทยาลัยฯ
945    ^p390^l0^i036732
945    ^p390^l0^i036733
945    ^p390^l0^i036734
945    ^p390^l0^i036735
945    ^p390^l0^i036736
945    ^p390^l0^i036737
945    ^p390^l0^i036738
945    ^p390^l0^i036739
999    ^aเกษร โพธิ์สุวรรณ
รายการนี้ยังไม่มีแท็ก
คุณยังไม่ได้ล็อกอิน คุณสามารถมีกิจกรรมร่วมกับเว็บไซต์ได้ แต่ต้องล็อกอินก่อน ::
  ล็อกอิน

รายการสื่อสารสนเทศ

ลำดับที่ ประเภท เลขเรียก/บาร์โค้ด สถานที่ สถานะ
1. วิทยาศาสตร์การแพทย์ และสุขภาพ
วิทยาศาสตร์การแพทย์ และสุขภาพ
สถานะ=หนังสือเก่า
QY25 ก637ก ฉ.1 
  Barcode: 036732
ห้องสมุดวิทยาเขตสวรรค์ประชารักษ์
►ส่วนจัดเก็บหนังสือเก่า สปร
บนชั้น
  ขอยืม
2. วิทยาศาสตร์การแพทย์ และสุขภาพ
วิทยาศาสตร์การแพทย์ และสุขภาพ
สถานะ=หนังสือเก่า
QY25 ก637ก ฉ.2 
  Barcode: 036733
ห้องสมุดวิทยาเขตสวรรค์ประชารักษ์
►ส่วนจัดเก็บหนังสือเก่า สปร
บนชั้น
  ขอยืม
3. วิทยาศาสตร์การแพทย์ และสุขภาพ
วิทยาศาสตร์การแพทย์ และสุขภาพ
สถานะ=หนังสือเก่า
QY25 ก637ก ฉ.3 
  Barcode: 036734
ห้องสมุดวิทยาเขตสวรรค์ประชารักษ์
►ส่วนจัดเก็บหนังสือเก่า สปร
บนชั้น
  ขอยืม
4. วิทยาศาสตร์การแพทย์ และสุขภาพ
วิทยาศาสตร์การแพทย์ และสุขภาพ
สถานะ=หนังสือเก่า
QY25 ก637ก ฉ.4 
  Barcode: 036735
ห้องสมุดวิทยาเขตสวรรค์ประชารักษ์
►ส่วนจัดเก็บหนังสือเก่า สปร
บนชั้น
  ขอยืม
5. วิทยาศาสตร์การแพทย์ และสุขภาพ
วิทยาศาสตร์การแพทย์ และสุขภาพ
สถานะ=หนังสือเก่า
QY25 ก637ก ฉ.5 
  Barcode: 036736
ห้องสมุดวิทยาเขตสวรรค์ประชารักษ์
►ส่วนจัดเก็บหนังสือเก่า สปร
บนชั้น
  ขอยืม
6. วิทยาศาสตร์การแพทย์ และสุขภาพ
วิทยาศาสตร์การแพทย์ และสุขภาพ
สถานะ=หนังสือเก่า
QY25 ก637ก ฉ.6 
  Barcode: 036737
ห้องสมุดวิทยาเขตสวรรค์ประชารักษ์
►ส่วนจัดเก็บหนังสือเก่า สปร
บนชั้น
  ขอยืม
7. วิทยาศาสตร์การแพทย์ และสุขภาพ
วิทยาศาสตร์การแพทย์ และสุขภาพ
สถานะ=หนังสือเก่า
QY25 ก637ก ฉ.7 
  Barcode: 036738
ห้องสมุดวิทยาเขตสวรรค์ประชารักษ์
►ส่วนจัดเก็บหนังสือเก่า สปร
บนชั้น
  ขอยืม
8. วิทยาศาสตร์การแพทย์ และสุขภาพ
วิทยาศาสตร์การแพทย์ และสุขภาพ
สถานะ=หนังสือเก่า
QY25 ก637ก ฉ.8 
  Barcode: 036739
ห้องสมุดวิทยาเขตสวรรค์ประชารักษ์
►ส่วนจัดเก็บหนังสือเก่า สปร
บนชั้น
  ขอยืม

รายการใกล้เคียง
    ผู้แต่ง [กิจจา จิตรภิรมย์]

    หัวเรื่อง [ห้องปฏิบัติการทางการแพทย์]
    หัวเรื่อง [การวินิจฉัยโรคทางห้องปฏิบัติการ]

BibComment


ยังไม่เคยถูกคอมเมนท์

คอมเมนท์ทรัพยากรรายการนี้
  คอมเมนท์: การตรวจทางห้องปฏ..


 Copyright 2026. Bcnsprnw @Library